| 000 | 01187nam0a2200289 4500 | ||
|---|---|---|---|
| 001 | RU\NLR\b_ik\110875 | ||
| 005 | 20250616225331.0 | ||
| 010 |
_a5-900504-21-2 _9100 |
||
| 035 | _a(NLR Aleph) 002184596 | ||
| 090 |
_a2829218 _c2829218 |
||
| 100 | _a20040416d2002 |||y0rusy50 ca | ||
| 101 | 0 | _aeng | |
| 102 | _aRU | ||
| 105 | _ay ||||||||| | ||
| 200 | 1 |
_aTwo quasi-spherical transformations of hyperbolic plane metrics (short communication) _e[Abstract of the rep. on the] Intern. congr. of mathemeticians, Beijing, 2002, Aug. 20-28 _fProskuryakov M.N. |
|
| 210 |
_aM. _cБумаж. галерея _d2002 |
||
| 215 |
_a11 с. _d20 |
||
| 313 | _aПо русскому изд. | ||
| 606 | 0 |
_aНеэвклидова геометрия Лобачевского _9961741 _3RU\NLR\AUTH\6640327 |
|
| 606 | 0 |
_aЛобачевского геометрия _92161363 _3RU\NLR\AUTH\661300733 |
|
| 686 | 4 | _aВ181.161 | |
| 700 | 1 |
_aProskurjakov _bM. N. _gMichail N _4070 |
|
| 801 | 0 |
_aRU _bNLR _c20040416 _gPSBO |
|
| 830 | _aГеометрия Лобачевского | ||
| 942 | _cBOOK | ||
| 980 | _aNB | ||